| 000 | 00482nam a2200157 i 4500 | ||
|---|---|---|---|
| 001 | 83166 | ||
| 003 | ES-MaACL | ||
| 005 | 20230906174804.0 | ||
| 007 | t| | ||
| 008 | 041115s1971 sp ||||1| spa d | ||
| 245 | 0 | 0 |
_aReseña estadística provincial _b: Albacete / _cInstituto Nacional de Estadística. |
| 260 |
_aMadrid : _b[s.n., _c1971] |
||
| 300 |
_aX, 166 p. ; _c27 cm. |
||
| 710 | 2 |
_aInstituto Nacional de Estadística (España) _95162 |
|
| 852 |
_aES-MaACL _jC-41387 _bR.77059 |
||
| 999 |
_c83166 _d83166 |
||